| 000 | 00569nam a22002057a 4500 | ||
|---|---|---|---|
| 005 | 20250325114646.0 | ||
| 010 | _aENG-144237 | ||
| 020 | _c80.00 | ||
| 035 | _aEN-127769 | ||
| 037 | _bDBAD/PUB | ||
| 082 |
_a270 _21 |
||
| 100 |
_aKazi M.U _979872 |
||
| 245 |
_aSELF EVIDENT MIRACLES OF THE HOLY QURAN _cM.U KAZI |
||
| 260 |
_aOKHLA _bMARKAZI MAKTABA ISLAMI _c2011 |
||
| 270 |
_b NewDelhi _aD-307 ,DAWAT NAGAR ,ABUL FAZI ENCLAVE _e110025 |
||
| 300 |
_a139p _c22cm(Pb) |
||
| 700 | _979862 | ||
| 710 | _959600 | ||
| 942 |
_2ddc _cEN _h270 _mKAZ _e1 |
||
| 999 |
_c210462 _d210462 |
||